| 000 | 00557nam a2200205 a 4500 | ||
|---|---|---|---|
| 008 | |||
| 049 | _aMAIN | ||
| 090 | _aTH153STO | ||
| 100 | 1 | _aStoll,T.M. | |
| 245 | 1 | 0 |
_aBuilding in Hot climate/ _cT.M.Stoll and G.I.Evstratov |
| 260 |
_aMoscow : _bMir Publishers, _c1984 |
||
| 300 |
_a366 p. : _bill. ; _c25 cm. |
||
| 500 | _aIncludes index. | ||
| 650 | 1 |
_aBuilding _xHot Climate |
|
| 907 |
_a.b10206966 _b11-11-10 _c10-07-06 |
||
| 003 | |||
| 005 | 20230123134225.0 | ||
| 040 | _cNUST | ||
| 942 |
_cBOOKS _kTH153STO |
||
| 999 |
_c162188 _d162188 |
||